Gaming Quiz

Random Gaming or Capital Quiz

World Capital or LoL Champ? Quiz Stats

 Plays Quiz Updated Jun 24, 2019

Score 0/30 Timer 05:00
4 Plays Today
Question Answer Wrong Answers
Helsinki Capital
87.8%
Champion
1.3%
Lee Sin Champion
87.3%
Capital
2%
Kha'Zix Champion
87.1%
Capital
1.9%
Minsk Capital
87%
Champion
2.2%
Rengar Champion
85.4%
Capital
3.8%
Mogadishu Capital
85.3%
Champion
4%
Zyra Champion
85.2%
Capital
3.9%
Xayah Champion
85.1%
Capital
4.2%
Baku Capital
84.9%
Champion
4.3%
Sivir Champion
84.8%
Capital
4.3%
Tahm Kench Champion
84.7%
Capital
4.3%
Riyadh Capital
84.7%
Champion
4.3%
Kled Champion
84.5%
Capital
4.8%
Xin Zhao Champion
84.4%
Capital
4.8%
Yasuo Champion
84.3%
Capital
4.8%
Doha Capital
84.1%
Champion
5%
Neeko Champion
83.9%
Capital
5.1%
Urgot Champion
83.4%
Capital
5.8%
Ornn Champion
83.1%
Capital
5.9%
Vaduz Capital
82.7%
Champion
6.3%
Harare Capital
82.5%
Champion
6.8%
Vilnius Capital
82.2%
Champion
6.8%
Maokai Champion
81.2%
Capital
7.9%
Azir Champion
80.9%
Capital
8.2%
Mbabane Capital
80.5%
Champion
8.6%
Tirana Capital
80.2%
Champion
8.8%
Asmara Capital
76.6%
Champion
12.5%
Malabo Capital
76%
Champion
13.2%
Praia Capital
75.9%
Champion
13.3%
Nur-Sultan Capital
58.7%
Champion
30.8%

You're not logged in!

Compare scores with friends on all Sporcle quizzes.
OR
Log In

Sporcle TV

Today on Sporcle TV


Watch our educational content, quiz creation guides, and fun videos on Sporcle TV.

Show Comments

Extras

Top Quizzes Today


Score Distribution

Your Account Isn't Verified!

In order to create a playlist on Sporcle, you need to verify the email address you used during registration. Go to your Sporcle Settings to finish the process.

Report this User

Report this user for behavior that violates our Community Guidelines.

Details: